000 00611nam a2200193Ia 4500
001 22885
003 GE_BSU
008 181216s||||||||xx |||||||||||||| ||und||
040 _cGE_BSU
245 _aГеография и природные ресурсы. №2. Апрель-Июнь 2018
245 _cГл. ред. В.М.Плюснин.
260 _aМосква
260 _c2018
300 _a196 p. 28cm.
653 _aГеография и природные ресурсы. №2. Апрель-Июнь 2018
653 _aПериодика
653 _aპერიოდიკა
942 _cCR
999 _c55788
_d55788